000 00300nam a22001337a 4500
008 170301b xxu||||| |||| 00| 0 eng d
020 _a00205907
041 _aeng
080 _a61
100 _a6
101 _aSHM
245 _aINTERNATIONAL ANESTHESIOLOGY CLINICS
_cCAMPAGNA, J.A
942 _2udc
_cBK
999 _c6524
_d6524